ИМЕННОЙ указатель заявителей Великобритании... ... за 1989 г. (Запись № 7263127)

Подробности
000 -МАРКЕР
контрольное поле 01284nam2a22002291 4500
001 - ИДЕНТИФИКАТОР ЗАПИСИ
контрольное поле rc\57541
005 - ИДЕНТИФИКАТОР ВЕРСИИ
контрольное поле 20250620200205.0
035 ## - ДРУГИЕ СИСТЕМНЫЕ НОМЕРА
Идентификатор записи (NLR Aleph) 005399739
100 ## - ДАННЫЕ ОБЩЕЙ ОБРАБОТКИ
Данные общей обработки 20021216d1993 |||y0rusy50 ca
101 0# - ЯЗЫК РЕСУРСА
Язык текста, звукозаписи и т.д. русский
102 ## - СТРАНА ПУБЛИКАЦИИ ИЛИ ПРОИЗВОДСТВА
Страна публикации Российская Федерация
105 ## - ПОЛЕ КОДИРОВАННЫХ ДАННЫХ: ТЕКСТОВЫЕ МАТЕРИАЛЫ, МОНОГРАФИЧЕСКИЕ
Кодированные данные о монографическом текстовом документе y |||||||||
200 0# - ЗАГЛАВИЕ И СВЕДЕНИЯ ОБ ОТВЕТСТВЕННОСТИ
Основное заглавие ... за 1989 г.
Сведения, относящиеся к заглавию [В 2 ч.]
Первые сведения об ответственности Ком. по пат. и товар. знакам М-ва науки, высш. шк. и техн. политики Рос. Федерации (Роспатент), Науч.-произв. об-ние "Поиск"
Обозначение и номер части Ч. 1
Наименование части A - L
210 ## - ПУБЛИКАЦИЯ, РАСПРОСТРАНЕНИЕ И ДР.
Имя издателя, распространителя и т. д. НПО "Поиск"
Дата издания, распространения и т.д. 1993
Место издания, распространения и т.д. Б. м.
215 ## - ФИЗИЧЕСКАЯ ХАРАКТЕРИСТИКА
Специфическое обозначение материала и объем [2], 196 с.
461 #0 - УРОВЕНЬ НАБОРА
Встроенное поле 001rc\57538
-- 2001#$aИМЕННОЙ указатель заявителей Великобритании...$fГос. ком. по изобрет. и открытиям при ГКНТ СССР. ВНИИ пат. информ.$v... за 1989 г.
Системный номер (АБИС) связанной записи 7869740
Место публикации М.
Дата публикации 1991
Первые сведения об ответственности Гос. ком. по изобрет. и открытиям при ГКНТ СССР. ВНИИ пат. информ.
Имя издателя, распространителя и т.д. ВНИИПИ
Заглавие ИМЕННОЙ указатель заявителей Великобритании...
Номер тома ... за 1989 г.
801 #0 - ИСТОЧНИК ЗАПИСИ
Страна Российская Федерация
Организация NLR
Правила каталогизации psbo
801 #1 - ИСТОЧНИК ЗАПИСИ
Страна Российская Федерация
Организация ELAR
Источник данных rusmarc
852 ## - МЕСТОНАХОЖДЕНИЕ И ШИФР ХРАНЕНИЯ
Идентификатор организации NLR
Наименование фонда или коллекции (Sub-Location Identifier) Пт
Шифр хранения (Call Number) 10.22/207
942 ## - ДОПОЛНИТЕЛЬНЫЕ ЭЛЕМЕНТЫ ЗАПИСИ (АБИС)
Тип экземпляра АБИС Книга
980 ## - КОЛЛЕКЦИЯ
Название коллекции Национальная библиография
Экземпляры
Тип экземпляра Дата поступления Библиотека постоянного хранения Библиотека текущего хранения Место хранения Шифр хранения Штрих-код Статус экземпляра
Книга 26.10.2013 РНБ (Московский) РНБ (Московский) Фонд нормативно-технических и технических документов Пт 10.22/207 5399739-10